000 01069nam0a2200313 4500
001 RU\NLR\bibl\6741
005 20260426041542.0
010 _a5-15-000983-0
_915000
021 _aRU
_b98-8419
_9394
035 _a(NLR Aleph) 000006563
090 _a19567
_c19567
100 _a19981103d1998 |||y0rusy50 ca
101 1 _arus
_ceng
102 _aRU
105 _a|||||||||||||
200 1 _aШелк и тайны
_e[Роман]
_fМэри Джо Патни
_g[Пер. с англ. Т.Ю. Логачевой]
210 _aМ.
_cАСТ
_d1998
215 _a526 с.
_d17
225 1 _aОткровение
300 _aЗагл. и авт. ориг.: Silk and sekrets / Mary Jo Putney
454 0 _12001#$aSilk and sekrets$fMary Jo Putny
_tSilk and sekrets
686 _aШ6(7США)67-440.4
700 1 _4070
_7ca
_8rus
_aПатни
_bМ. Д.
_f1946-
_gМэри Джо
_9111072
_3RU\NLR\AUTH\771038
801 0 _aRU
_bNLR
_c19981103
_gPSBO
801 1 _aRU
_bNLR
_c19981103
852 _aNLR
_j98-2/587
942 _cBOOK
980 _aNB